| 000 | 01205cam a22003494a 4500 | ||
|---|---|---|---|
| 001 | 104877 | ||
| 005 | 20230410142343.0 | ||
| 008 | 021022s2003 nyu 000 0 eng | ||
| 035 | _a(DLC) 2002114828 | ||
| 035 | _a12977558 | ||
| 010 | _a 2002114828 | ||
| 020 | _a0764553917 (pbk.) | ||
| 040 |
_aDLC _cDLC _dDLC |
||
| 042 | _apcc | ||
| 050 | 1 | 4 |
_aBX 1754 _bT828c 2003 |
| 082 | 0 | 0 | _a282 |
| 100 | 1 | _aTrigilio, John. | |
| 245 | 1 | 0 |
_aCatholicism for dummies / _cby John Trigilio Jr. and Kenneth Brighenti. |
| 260 |
_aNew York : _bWiley Pub., _cc2003. |
||
| 300 |
_a414 p. ; _c24 cm. |
||
| 440 | 0 | _a--For dummies | |
| 610 | 2 | 0 |
_aCatholic Church _xDoctrines. |
| 650 | 0 |
_aTheology, Doctrinal _vPopular works. |
|
| 650 | 4 |
_aTeologĂa, Doctrinales _vObras populares. |
|
| 610 | 2 | 0 |
_aCatholic Church _xCustoms and practices. |
| 700 | 1 | _aBrighenti, Kenneth. | |
| 856 | 4 | 2 |
_3Contributor biographical information _uhttp://www.loc.gov/catdir/bios/wiley045/2002114828.html |
| 856 | 4 | 2 |
_3Publisher description _uhttp://www.loc.gov/catdir/description/wiley039/2002114828.html |
| 856 | 4 | 1 |
_3Table of contents _uhttp://www.loc.gov/catdir/toc/wiley031/2002114828.html |
| 942 |
_2lcc _cbk |
||
| 946 | _aJPR | ||
| 999 |
_c94146 _d94146 |
||